| 000 | 00645nam a22001937a 4500 | ||
|---|---|---|---|
| 999 |
_c189870 _d189870 |
||
| 005 | 20220714103622.0 | ||
| 010 | _aUR-11647 | ||
| 020 |
_a9789390789405 _c250.00 |
||
| 035 | _aU-10202 | ||
| 037 |
_bDBAD/PUB _a- |
||
| 082 | _a808.88 | ||
| 100 | _aعبد الحلیم انصا ری | ||
| 245 |
_aفصیل لفظ / _cعبد الحلیم انصا ری _hا ر د و |
||
| 246 |
_aFaseel-E-Lafz / _bby Abdul Halim Ansari |
||
| 260 |
_aNew Delhi _bEducational Publishing House _c2021 ء |
||
| 270 |
_aH.o. D1/16, Ansari Road, Daryaganj _bNew Delhi _e110002 |
||
| 300 |
_a148 ص _c23cm(Hb) |
||
| 942 |
_2ddc _cUR _h808.88 _mع ب د |
||